000 00472nam a2200181Ia 4500
008 230711s9999||||xx |||||||||||||| ||und||
020 _a978-81-265-1256-0
041 _aENG
082 _a658.4034
_bRA-O
100 _aRavindran,A
245 0 _aOperations Research : Principles and Practice
250 _a2nd Ed.
260 _c2014
_aNew Delhi
_bWiley India Pvt.Ltd
300 _a637p.
650 _aUNIVESITY BUSNIESS SCHOOL
700 _aPhillips,Don T
942 _cBK
999 _c6745
_d6745